Housing starts to grow, but construction output to decline - CPA (Record no. 82862)

MARC details
000 -LEADER
fixed length control field 00789cad a22001935a 4500
001 - CONTROL NUMBER
control field L151885
008 - FIXED-LENGTH DATA ELEMENTS--GENERAL INFORMATION
fixed length control field 101216e2010 xxk 000 0 eng d
035 ## - SYSTEM CONTROL NUMBER
System control number (Sirsi) u151885
041 0# - LANGUAGE CODE
Language code of text/sound track or separate title eng
110 2# - MAIN ENTRY--CORPORATE NAME
Corporate name or jurisdiction name as entry element Housebuilder
245 00 - TITLE STATEMENT
Title Housing starts to grow, but construction output to decline - CPA
Medium [electronic resource]
260 ## - PUBLICATION, DISTRIBUTION, ETC.
Date of publication, distribution, etc. 2010
520 ## - SUMMARY, ETC.
Summary, etc. Private housing starts are set to grow 5% in both 2011 and 2012, according to the Construction Products Association (CPA); taken from Construction Industry Forecasts - Winter 2010.
590 ## - LOCAL NOTE (RLIN)
Local note KA NTK
651 #4 - SUBJECT ADDED ENTRY--GEOGRAPHIC NAME
Geographic name United Kingdom
Chronological subdivision
690 ## - LOCAL SUBJECT ADDED ENTRY--TOPICAL TERM (OCLC, RLIN)
Topical term or geographic name as entry element BUILT ENVIRONMENT-CONSTRUCTION MARKET
856 48 - ELECTRONIC LOCATION AND ACCESS
Uniform Resource Identifier <a href="https://www.house-builder.co.uk/rss/news.php?id=5335">https://www.house-builder.co.uk/rss/news.php?id=5335</a>
Public note View the website free of charge at www.house-builder.co.uk
942 ## - ADDED ENTRY ELEMENTS (KOHA)
Suppress in OPAC 0
Holdings
Withdrawn status Lost status Source of classification or shelving scheme Damaged status Not for loan Home library Current library Shelving location Date acquired Total Checkouts Full call number Barcode Date last seen Copy number Price effective from Koha item type
    Dewey Decimal Classification     Virtual Virtual Journal article 16/12/2010   ONLINE PUBLICATION 151885-2001 06/08/2019 1 06/08/2019 Journal article